Comic educativo para la prevención de la trata y tráfico de niños, niñas y adolescentes / (Record no. 50751)
[ view plain ]
| 000 -CABECERA | |
|---|---|
| campo de control de longitud fija | 00883nam a2200217 a 4500 |
| 003 - IDENTIFICADOR DEL NÚMERO DE CONTROL | |
| campo de control | DO-SdBNP |
| 005 - FECHA Y HORA DE LA ÚLTIMA TRANSACCIÓN | |
| campo de control | 20211129112639.0 |
| 007 - CAMPO FIJO DE DESCRIPCIÓN FÍSICA--INFORMACIÓN GENERAL | |
| campo de control de longitud fija | ta |
| 008 - DATOS DE LONGITUD FIJA--INFORMACIÓN GENERAL | |
| campo de control de longitud fija | 211014e2018 dr a|||dr6||| 00| f spa d |
| 040 ## - FUENTE DE LA CATALOGACIÓN | |
| Centro catalogador/agencia de origen | DO-SdBNP |
| Lengua de catalogación | spa |
| Centro/agencia transcriptor | BNPHU |
| 082 ## - NÚMERO DE LA CLASIFICACIÓN DECIMAL DEWEY | |
| Número de documento/Ítem | C733e |
| 245 10 - MENCIÓN DE TÍTULO | |
| Título | Comic educativo para la prevención de la trata y tráfico de niños, niñas y adolescentes / |
| Mención de responsabilidad, etc. | ideas y producción del texto, Liyana Pavón; ilustración Tony Núñez |
| 260 ## - PUBLICACIÓN, DISTRIBUCIÓN, ETC. | |
| Lugar de publicación, distribución, etc. | [Santo Domingo] : |
| Nombre del editor, distribuidor, etc. | USAID, |
| -- | Vargas, |
| Fecha de publicación, distribución, etc. | 2018 |
| 300 ## - DESCRIPCIÓN FÍSICA | |
| Extensión | [12p.] : |
| Otras características físicas | il. ; |
| Dimensiones | 28 cm. |
| 500 ## - NOTA GENERAL | |
| Nota general | Informe de Gestión Procuraduría Especializada contra el Tráfico ilícito de Migrantes y la Trata de Personas 2015. |
| 590 ## - NOTA LOCAL (RLIN) | |
| Nota local | Inventariado 2021 / MF |
| 700 1# - PUNTO DE ACCESO ADICIONAL--NOMBRE DE PERSONA | |
| Nombre de persona | Pavón, Liyana, |
| Término indicativo de función/relación | texto |
| 9 (RLIN) | 80213 |
| 700 ## - PUNTO DE ACCESO ADICIONAL--NOMBRE DE PERSONA | |
| 9 (RLIN) | 77999 |
| Nombre de persona | Núñez, Tony |
| Término indicativo de función/relación | ilustrador |
| 710 1# - PUNTO DE ACCESO ADICIONAL--NOMBRE DE ENTIDAD CORPORATIVA | |
| Nombre de entidad corporativa o nombre de jurisdicción como elemento de entrada | United States. |
| Unidad subordinada | Agency for International Development |
| 9 (RLIN) | 58056 |
| 942 ## - ELEMENTOS DE PUNTO DE ACCESO ADICIONAL (KOHA) | |
| Fuente del sistema de clasificación o colocación | Dewey Decimal Classification |
| Tipo de ítem Koha | Folleto |
| Estado de retiro | Estado de pérdida | Fuente del sistema de clasificación o colocación | Restricciones de uso | No para préstamo | Código de colección | Localización permanente | Ubicación/localización actual | Ubicación en estantería | Fecha de adquisición | Fuente de adquisición | Total de préstamos | Signatura topográfica completa | Código de barras | Fecha visto por última vez | Precio válido a partir de | Tipo de ítem Koha | Número de copia |
|---|---|---|---|---|---|---|---|---|---|---|---|---|---|---|---|---|---|
| Dewey Decimal Classification | Préstamo en sala | Dominicana de Servicio | Biblioteca Nacional Pedro Henríquez Ureña | General | Depósito | 27.11.2018 | Depósito legal / Editora Búho | C733e | 2021-27382 | 14.10.2021 | 14.10.2021 | Libro y Folleto Colección Dominicana de Servicio | e.3 | ||||
| Dewey Decimal Classification | Excluido de préstamo | Patrimonio Dominicano | Biblioteca Nacional Pedro Henríquez Ureña | Patrimonio Dominicano | Depósito | 27.11.2018 | Depósito legal / Editora Búho | C733e | 2021-27380 | 14.10.2021 | 14.10.2021 | Libro y Folleto Colección Patrimonio Dominicano | |||||
| Dewey Decimal Classification | Excluido de préstamo | Patrimonio Dominicano | Biblioteca Nacional Pedro Henríquez Ureña | Patrimonio Dominicano | Depósito | 27.11.2018 | Depósito legal / Editora Búho | C733e | 2021-27381 | 14.10.2021 | 14.10.2021 | Libro y Folleto Colección Patrimonio Dominicano | e.2 |
